000 00249nam a2200109Ia 4500
008 190216s9999||||xx |||||||||||||| ||und||
100 _aFydor Dostoyevsky
245 0 _aCrime And Punishment
260 _bRaduga Pub
650 _aEnglish
942 _cBK
999 _c13545
_d13545